书目信息 |
| 题名: |
创新创业教育论
|
|
| 作者: | 杨雪梅 , 王文亮 编著 | |
| 分册: | ||
| 出版信息: | 北京 清华大学出版社 2017.02 |
|
| 页数: | 540页 | |
| 开本: | 28cm | |
| 丛书名: | ||
| 单 册: | ||
| 中图分类: | G647.38 | |
| 科图分类: | ||
| 主题词: | 教育--各级 | |
| 电子资源: | ||
| ISBN: | 978-7-302-49084-5 | |
| 000 | 00641nam0 2200205 450 | |
| 001 | 2033840379 | |
| 005 | 20200508092745.98 | |
| 010 | @a978-7-302-49084-5@dCNY88.00 | |
| 100 | @a20200508d2017 km y0chiy0120 ea | |
| 101 | 0 | @achi |
| 102 | @aCN@b110000 | |
| 200 | 1 | @a创新创业教育论@Achuang xin chuang ye jiao yu lun@f杨雪梅, 王文亮等编著@Fyang xue mei,wang wen liang deng bian zhu |
| 210 | @a北京@c清华大学出版社@d2017.02 | |
| 215 | @a540页@d28cm | |
| 606 | 0 | @a教育@x各级 |
| 690 | @aG647.38@v4 | |
| 701 | 0 | @a杨雪梅@Ayang xue mei@4编著 |
| 701 | 0 | @a王文亮@Awang wen liang@4编著 |
| 801 | 0 | @aCN@bMUSE@c20200508 |
| 905 | @aMUSE@dG647.38@eY3041 | |
| 创新创业教育论/杨雪梅, 王文亮等编著.-北京:清华大学出版社,2017.02 |
| 540页;28cm |
| ISBN 978-7-302-49084-5:CNY88.00 |
| ● |
| 相关链接 |
|
|
|
正题名:创新创业教育论
索取号:G647.38/Y3041
 
预约/预借
| 序号 | 登录号 | 条形码 | 馆藏地/架位号 | 状态 | 备注 |
| 1 | 1241552 | 212415527 | 招生就业处资料室/ [索取号:G647.38/Y3041] | 在馆 |